Mclaren Drivers sudden death - Statistics

General Stats
  • This quiz has been taken 138 times
  • The average score is 8 of 15
Answers on the Grid
Answers color-coded by a green-red scale on the quiz's grid according to % correct below.
Patrick Tambay
Andrea de Cesaris
Sergio Perez
Carlos Sainz
Mario Andretti
Niki Lauda
James Hunt
Riccardo Patrese
John Surtees
Jim Clark
Daniel Ricciardo
Dennis Hulme
Richie Ginther
Alessandro Nannini
Jack Brabham
Michael van Gerwen
Christean Klien
Jenson Button
Rubens Barrichello
Damon Hill
David Coulthard
Kamui Kobayashi
Takuma Sato
Phill Hill
Stoffel Vandoorne
Kevin Magnussen
Jos Verstappen
John Love
Kimi Raikkonen
Emmerson Fittipaldi
Michael Andretti
Sebastian Vettel
 
Answer Stats
Answer % Correct
Carlos Sainz
76%
Daniel Ricciardo
67%
Niki Lauda
67%
Jenson Button
64%
Sergio Perez
63%
James Hunt
61%
Kimi Raikkonen
61%
Kevin Magnussen
59%
David Coulthard
54%
Stoffel Vandoorne
53%
Emmerson Fittipaldi
40%
Michael Andretti
28%
Andrea de Cesaris
25%
Patrick Tambay
25%
Dennis Hulme
19%
No matching quizzes found
Score Distribution
Percent of People with Each Score
Percentile by Number Answered
Your Score History
You have not taken this quiz